See along the shore (Record no. 14634)

MARC details
000 -LEADER
fixed length control field 00371nam a2200145Ia 4500
005 - DATE AND TIME OF LATEST TRANSACTION
control field 20240814120834.0
008 - FIXED-LENGTH DATA ELEMENTS--GENERAL INFORMATION
fixed length control field 240813s9999||||xx |||||||||||||| ||und||
082 ## - DEWEY DECIMAL CLASSIFICATION NUMBER
Classification number 551.46 SEL
100 ## - MAIN ENTRY--PERSONAL NAME
Personal name Selsam, Millicent E.
245 #0 - TITLE STATEMENT
Title See along the shore
260 ## - PUBLICATION, DISTRIBUTION, ETC.
Place of publication, distribution, etc. New York
Name of publisher, distributor, etc. Harper
Date of publication, distribution, etc. 1961
300 ## - PHYSICAL DESCRIPTION
Extent various pagination
650 ## - SUBJECT ADDED ENTRY--TOPICAL TERM
Topical term or geographic name entry element Earth sciences (Geology)
942 ## - ADDED ENTRY ELEMENTS (KOHA)
Koha item type Book
Holdings
Withdrawn status Lost status Damaged status Not for loan Home library Current library Date acquired Total checkouts Barcode Date last seen Price effective from Koha item type
        Library and Documentation Division NCERT Library and Documentation Division NCERT 08/14/2024   15343 08/14/2024 08/14/2024 Book